Normal view
MARC view
- تاليف فليفل، كامل، م.مشارك فتحي حمدان
Entry Personal Name
001 - CONTROL NUMBER
- control field: 60052
003 - CONTROL NUMBER IDENTIFIER
- control field: JO-AjAnu
005 - DATE AND TIME OF LATEST TRANSACTION
- control field: 20230606083821.0
008 - FIXED-LENGTH DATA ELEMENTS
- fixed length control field: 230606|| aca||aabn | a|a d
040 ## - CATALOGING SOURCE
- Original cataloging agency: JO-AjAnu
- Transcribing agency: JO-AjAnu
100 ## - HEADING--PERSONAL NAME
- Personal name: تاليف فليفل، كامل، م.مشارك فتحي حمدان
670 ## - SOURCE DATA FOUND
- Source citation: Work cat.: (JO-AjAnu)30625: تاليف فليفل، كامل، م.مشارك فتحي حمدان, author, الاحصاء= STATISTICS